000 00602nam a22001937a 4500
999 _c2925
_d2925
003 AR-CdUCM
008 190305b ||||| |||| 00| 0 spa d
040 _aMUNICIPALIDAD PROVINCIAL DEL CUSCO
_cBIBLIOTECA MUNICIPAL DEL CUSCO
082 _a808.83 /
_bSI56
100 _aSimenon, Georges
_93088
245 _aMaigret y el Falso Culpable /
260 _aBarcelona :
_bLuis de Garalt,
_c1964.
300 _a155 paginas ;
_c18cm.
440 _aColeccion Gigante
_nIII
_910046
500 _aTitulo original: Maigret a L“ecole
700 _aSuarez, Carlos
_910047
942 _2ddc
_cLIBROS
945 _apjha